00416nam a2200169Ia 4500008004100000041001200041082002100053100001400074245003400088365000800122520001200130546001200142630003400154650001200188655001200200730003400212101110s9999 xx 000 0 und d aMARATHI bSR4681a891.4611 aDarshanik aDnyaneshwari Eshwarya Bhag 16 b1.5 aMarathi aMARATHI aDnyaneshwari Eshwarya Bhag 16 aMarathi aMarathi aDnyaneshwari Eshwarya Bhag 16